[Event "Charlotte Open 2020"]
[Site "Charlotte"]
[Date "2020.01.04"]
[Round "6.9"]
[White "Narva, Mai"]
[Black "Yoo, Christopher Woojin"]
[Result "1-0"]
[WhiteElo "2321"]
[BlackElo "2456"]
[Annotator "RC"]
[PlyCount "101"]
[EventDate "2020.01.02"]
[EventType "swiss"]
[EventCountry "USA"]
[SourceTitle "playchess.com"]
[Source "ChessBase"]
[SourceQuality "1"]
[TimeControl "6000+30"]

1. e4 {[%emt 0:05:02]} c5 {[%emt 0:00:00]} 2. Nf3 {[%emt 0:00:13]} d6 {[%emt 0:00:00]} 3. Bb5+ {[%emt 0:00:31]} Nd7 {[%emt 0:00:00]} 4. O-O {[%emt 0:00:27]} a6 {[%emt 0:00:03]} 5. Bxd7+ {[%emt 0:04:43]} Bxd7 {[%emt 0:00:05]} 6. d4 {[%emt 0:01:03]} cxd4 {[%emt 0:00:04]} 7. Qxd4 {[%emt 0:00:34]} e5 {[%emt 0:00:06]} 8. Qd3 {[%emt 0:04:26]} Rc8 {[%emt 0:00:09]} 9. a4 {[%emt 0:06:43]} Qc7 {[%emt 0:03:46]} 10. Nc3 {[%emt 0:06:19]} h6 {[%emt 0:02:06]} 11. Rd1 {[%emt 0:07:15]} Nf6 {[%emt 0:00:15]} 12. Nd2 {[%emt 0:02:14]} Bg4 {[%emt 0:00:39]} 13. Re1 {[%emt 0:03:06]} Be7 {[%emt 0:01:40]} 14. Nf1 {[%emt 0:11:10]} O-O {[%emt 0:01:53]} 15. Qg3 {[%emt 0:11:01]} Kh8 {[%emt 0:18:31]} 16. Ne3 {[%emt 0:03:48]} Be6 {[%emt 0:00:21]} 17. Bd2 {[%emt 0:01:52]} Qd7 {[%emt 0:08:11]} 18. Qf3 {[%emt 0:08:12]} g6 {[%emt 0:07:40]} 19. Ncd5 {[%emt 0:07:16]} Bxd5 {[%emt 0:00:19]} 20. exd5 {[%emt 0:01:36]} Kg7 {[%emt 0:08:26]} 21. b3 {[%emt 0:04:37]} Bd8 {[%emt 0:04:28]} 22. a5 {[%emt 0:03:26]} Re8 {[%emt 0:04:38]} 23. Nc4 {[%emt 0:03:54]} Rc5 {[%emt 0:04:38]} 24. Rad1 {[%emt 0:01:42]} Rb5 {[%emt 0:06:02]} 25. Bc3 {[%emt 0:05:19]} Bc7 {[%emt 0:03:25]} 26. Na3 {[%emt 0:03:02]} Rxa5 {[%emt 0:00:42]} 27. Bxa5 {[%emt 0:00:12]} Bxa5 {[%emt 0:00:05]} 28. Re2 {[%emt 0:01:34]} Bb6 {[%emt 0:05:00]} 29. c4 {[%emt 0:01:21]} Bc5 {[%emt 0:01:45]} 30. Nb1 {[%emt 0:01:06]} Nh5 {[%emt 0:04:38]} 31. g3 {[%emt 0:00:55]} f5 {[%emt 0:01:06]} 32. Nd2 {[%emt 0:00:48]} a5 {[%emt 0:02:24]} 33. Kg2 {[%emt 0:00:19]} Nf6 {[%emt 0:02:13]} 34. Qc3 {[%emt 0:00:19]} b6 {[%emt 0:05:14]} 35. Rde1 {[%emt 0:00:44]} Rf8 {[%emt 0:04:58]} 36. f4 {[%emt 0:00:33]} Bb4 {[%emt 0:05:00]} 37. Qb2 {[%emt 0:00:24]} e4 {[%emt 0:00:23]} 38. Qd4 {[%emt 0:00:38]} Bc5 {[%emt 0:00:27]} 39. Qb2 {[%emt 0:00:11]} Kh7 {[%emt 0:01:55]} 40. h3 {[%emt 0:00:27]} g5 {[%emt 0:03:13]} 41. fxg5 {[%emt 0:00:37]} hxg5 {[%emt 0:01:08]} 42. Rf1 {[%emt 0:00:18]} e3 {[%emt 0:02:19]} 43. Nf3 {[%emt 0:00:40]} Ne4 {[%emt 0:00:10]} 44. Nd4 {[%emt 0:00:37]} f4 {[%emt 0:01:23]} 45. Ne6 {[%emt 0:00:20]} f3+ {[%emt 0:00:30]} 46. Rxf3 {[%emt 0:00:31]} Rxf3 {[%emt 0:00:28]} 47. Kxf3 {[%emt 0:00:16]} Nd2+ {[%emt 0:00:18]} 48. Kg2 {[%emt 0:01:03]} Qe7 {[%emt 0:00:43]} 49. Qc3 {[%emt 0:00:31]} Kg8 {[%emt 0:00:31]} 50. Rxe3 {[%emt 0:00:30]} Qf7 {[%emt 0:00:27]} 51. Qxd2 {[%emt 0:00:19]} 1-0

[Event "Charlotte Open 2020"]
[Site "Charlotte"]
[Date "2020.01.04"]
[Round "6.10"]
[White "Zapata, Alonso"]
[Black "Peng, Shunkai"]
[Result "0-1"]
[WhiteElo "2434"]
[BlackElo "2315"]
[Annotator "TA"]
[PlyCount "60"]
[EventDate "2020.01.02"]
[EventType "swiss"]
[EventCountry "USA"]
[SourceTitle "playchess.com"]
[Source "ChessBase"]
[SourceQuality "1"]

{[%evp 19,80,0,4,0,0,0,0,0,0,0,0,-2,6,0,22,0,0,0,0,0,4,-22,-20,-50,-43,-96,-108,-81,-72,-79,-41,-59,0,0,0,0,0,-35,-31,-84,-77,-139,-133,-131,0,-141,0,0,0,-358,-351,-307,-285,-12832,-12832,-12830,-12832,-5681,-1556,-29982,-29982,-29990,-29991]} 1. e4 c5 2. Nf3 d6 3. d4 cxd4 4. Nxd4 Nf6 5. Nc3 a6 6. g3 e5 7. Nb3 Be7 8. Bg2 b5 9. O-O Nbd7 10. Re1 O-O 11. a4 {B91: Sicilian Najdorf: 6 g3} b4 12. Na2 $146 ({Predecessor:} 12. Nd5 Nxd5 13. exd5 a5 14. Qd2 Ba6 {½-½ (14) Acs,P (2594)-Palac,M (2548) Hungary 2019}) 12... a5 13. c3 {The position is equal.} bxc3 14. Nxc3 Nb6 15. Bg5 Bg4 16. Qd3 Be6 17. Nd2 h6 18. Bxf6 Bxf6 19. Nf1 Qd7 20. Red1 Bb3 21. Rd2 Bg5 22. f4 (22. Ne3 $15) 22... exf4 $17 23. h4 Bf6 {Threatens to win with ...fxg3.} 24. gxf4 Bc4 ({Much worse is} 24... Nxa4 $6 25. e5 $14) 25. Qe3 Bxf1 (25... Qc7 $15) 26. Bxf1 $11 Bxc3 27. bxc3 Nxa4 28. Rg2 {Hoping for Qd4!} Nc5 29. f5 {[#]} (29. e5 $1 $15) 29... Kh7 $1 $17 30. Bc4 (30. e5 $142) 30... Rae8 {Played: Qd7-e7} 0-1

[Event "Charlotte Open 2020"]
[Site "Charlotte"]
[Date "2020.01.04"]
[Round "6.11"]
[White "Escalante Ramirez, Brian Sebasti"]
[Black "Park, Evan"]
[Result "1-0"]
[WhiteElo "2421"]
[BlackElo "2175"]
[Annotator "TA"]
[PlyCount "81"]
[EventDate "2020.01.02"]
[EventType "swiss"]
[EventCountry "USA"]
[SourceTitle "playchess.com"]
[Source "ChessBase"]
[SourceQuality "1"]

{[%evp 9,81,19,14,0,0,-16,8,0,0,0,0,0,0,-7,8,-16,-15,-17,-20,-21,30,-18,-22,-31,-33,-67,-56,-37,-39,-55,113,115,127,0,46,0,37,31,125,120,129,141,181,209,225,201,275,284,509,506,483,476,669,625,1070,1039,1132,1112,1449,1377,1447,1439,1925,1922,1711,1678,29996,29997,29997,29997,29997,29993,29996,29997]} 1. e4 e5 2. Nf3 Nc6 3. Nc3 Nf6 4. Bb5 Bd6 5. d3 a6 6. Bxc6 {C48: Four Knights: 4 Bb5, replies other than 4...Bb4} (6. Ba4 b5 7. Bb3 Na5 8. d4 exd4 9. Qxd4 O-O 10. Bg5 Be7 11. e5 Ne8 12. Bxe7 Qxe7 13. Nd5 {½-½ (63) Hou,Y (2658)-Ponomariov,R (2686) Shenzhen 2018}) 6... dxc6 7. Bg5 O-O 8. Qe2 {The position is equal.} Re8 $146 ({Predecessor:} 8... h6 9. Bxf6 Qxf6 10. h3 Re8 11. g4 b5 12. a3 Bb7 13. h4 Qf4 14. Nh2 b4 15. Nd1 bxa3 16. bxa3 c5 17. Qe3 Qxe3+ 18. Nxe3 {1-0 (18) Aguilar Medina,J (1571)-Martinez Rodriguez,A ICCF email 2014}) 9. Nd2 Be7 10. Nc4 Nd7 11. Be3 Bf6 12. O-O Nf8 13. f4 exf4 14. Rxf4 Ne6 (14... Be6 $142) 15. Rf2 Nd4 16. Qd2 Be6 17. Na5 b6 18. Nb3 c5 19. Raf1 a5 $2 (19... Bh4 $15 {stays ahead.}) 20. Rxf6 $1 $16 {Strongly threatening R6f4.} gxf6 21. Qf2 (21. Bf2 $1 $16) 21... Nc6 (21... Bxb3 $5 22. axb3 c6 $11) 22. Qh4 Ne5 23. Rxf6 Ng6 (23... Kh8 $1 $14) 24. Qf2 $1 {[%mdl 1024] White has strong compensation.} a4 25. Nc1 Kg7 26. N1e2 a3 {[#]} (26... Qxf6 $2 27. Bh6+ $1 {[%mdl 512]} Kxh6 28. Qxf6 $18) 27. b3 $1 ({Less strong is} 27. Bg5 Qd6 $11) 27... Qd7 (27... Qxf6 $2 {[#] loses.} 28. Bh6+ $1 {[%mdl 512]} Kxh6 29. Qxf6 $18) 28. Ng3 Rad8 $2 (28... Kh8 29. Nh5 Rf8) 29. Nh5+ $18 Kh8 30. Ne2 Ne5 {[#]} (30... Bg4 $142 31. Rxf7 Qe6) 31. Rh6 $1 {[%mdl 512] Threatening mate with Qf6+.} f5 {Black hopes to continue with ...Ng4.} 32. Qg3 Ng4 33. Bd2 Rf8 34. Bc3+ Kg8 35. h3 {[%mdl 64] Pin} fxe4 36. hxg4 {White threatens Qe5 and mate.} exd3 37. Qe5 {Qh8+ would kill now.} Bxg4 38. Qh8+ {White mates.} Kf7 39. Rxh7+ Kg6 40. Rg7+ Kf5 41. Qh7+ {Accuracy: White = 67%, Black = 31%.} 1-0

[Event "Charlotte Open 2020"]
[Site "Charlotte"]
[Date "2020.01.04"]
[Round "6.12"]
[White "Daggupati, Balaji"]
[Black "Song, Edward"]
[Result "0-1"]
[WhiteElo "2311"]
[BlackElo "2411"]
[Annotator "ChessBase"]
[PlyCount "84"]
[EventDate "2020.01.02"]
[EventType "swiss"]
[EventCountry "USA"]
[SourceTitle "playchess.com"]
[Source "ChessBase"]
[SourceQuality "1"]
[TimeControl "6000+30"]

1. e4 {[%emt 1:40:30]} c5 {[%emt 1:40:30]} 2. Nf3 {[%emt 0:00:30]} Nc6 {[%emt 0:00:30]} 3. d4 {[%emt 0:00:30]} cxd4 {[%emt 0:00:30]} 4. Nxd4 {[%emt 0:00:30]} Nf6 {[%emt 0:00:30]} 5. Nc3 {[%emt 0:00:30]} d6 {[%emt 0:00:30]} 6. Bg5 {[%emt 0:00:30]} e6 {[%emt 0:00:30]} 7. Qd2 {[%emt 0:00:30]} a6 {[%emt 0:00:30]} 8. O-O-O {[%emt 0:00:30]} Bd7 {[%emt 0:00:30]} 9. f4 {[%emt 0:00:30]} b5 {[%emt 0:00:30]} 10. Nxc6 {[%emt 0:00:30]} Bxc6 {[%emt 0:00:30]} 11. Qe1 {[%emt 0:00:30]} Be7 {[%emt 0:00:30]} 12. Bd3 {[%emt 0:00:30]} Nd7 {[%emt 0:00:30]} 13. Bxe7 {[%emt 0:00:30]} Qxe7 {[%emt 0:00:30]} 14. Qg3 {[%emt 0:00:30]} O-O {[%emt 0:00:30]} 15. Rhe1 {[%emt 0:00:30]} Nc5 {[%emt 0:00:30]} 16. e5 {[%emt 0:00:30]} dxe5 {[%emt 0:00:30]} 17. Rxe5 {[%emt 0:00:30]} Nxd3+ {[%emt 0:00:30]} 18. Rxd3 {[%emt 0:00:30]} Rfd8 {[%emt 0:00:30]} 19. Rxd8+ {[%emt 0:00:30]} Rxd8 {[%emt 0:00:30]} 20. Re1 {[%emt 0:00:30]} Qc5 {[%emt 0:00:30]} 21. Rd1 {[%emt 0:00:30]} Rxd1+ {[%emt 0:00:30]} 22. Nxd1 {[%emt 0:00:30]} h6 {[%emt 0:00:30]} 23. Ne3 {[%emt 0:00:30]} Qd4 {[%emt 0:00:30]} 24. a3 {[%emt 0:00:30]} Kh7 {[%emt 0:00:30]} 25. Qf2 {[%emt 0:00:30]} Bxg2 {[%emt 0:00:30]} 26. c3 {[%emt 0:00:30]} Qc5 {[%emt 0:00:30]} 27. Qd2 {[%emt 0:00:30]} Be4 {[%emt 0:00:30]} 28. b4 {[%emt 0:00:30]} Qc7 {[%emt 0:00:30]} 29. Nd1 {[%emt 0:00:30]} Qc4 {[%emt 0:00:30]} 30. Kb2 {[%emt 0:00:30]} Bd5 {[%emt 0:00:30]} 31. Kc1 {[%emt 0:00:30]} Qf1 {[%emt 0:00:30]} 32. Kb2 {[%emt 0:00:30]} Be4 {[%emt 0:00:30]} 33. Kb3 {[%emt 0:00:30]} Bf3 {[%emt 0:00:30]} 34. Nb2 {[%emt 0:00:30]} Bd5+ {[%emt 0:00:30]} 35. Kc2 {[%emt 0:00:30]} Qa1 {[%emt 0:00:30]} 36. c4 {[%emt 0:00:30]} bxc4 {[%emt 0:00:30]} 37. a4 {[%emt 0:00:30]} Be4+ {[%emt 0:00:30]} 38. Kc3 {[%emt 0:00:30]} Qa2 {[%emt 0:00:30]} 39. Nxc4 {[%emt 0:00:30]} Qxa4 {[%emt 0:00:30]} 40. Ne5 {[%emt 0:00:30]} f6 {[%emt 0:00:30]} 41. Nd7 {[%emt 0:00:30]} a5 {[%emt 0:00:30]} 42. Qd6 {[%emt 0:00:30]} Qc2+ {[%emt 0:00:30]} 0-1

[Event "Charlotte Open 2020"]
[Site "Charlotte"]
[Date "2020.01.04"]
[Round "6.13"]
[White "Tsolakidou, Stavroula"]
[Black "Guo, Arthur"]
[Result "0-1"]
[WhiteElo "2403"]
[BlackElo "2301"]
[Annotator "TA"]
[PlyCount "108"]
[EventDate "2020.01.02"]
[EventType "swiss"]
[EventCountry "USA"]
[SourceTitle "playchess.com"]
[Source "ChessBase"]
[SourceQuality "1"]

{[%evp 9,108,0,48,49,41,46,61,14,21,0,33,35,37,17,22,14,82,70,77,18,83,3,8,-17,12,-58,75,83,83,83,83,84,85,82,72,82,81,14,16,0,0,0,0,-179,-191,-143,0,0,0,0,16,-8,-4,-229,-202,-227,-219,-208,-225,-194,-199,-189,-156,-174,-172,-164,-173,-291,-279,-359,-343,-330,-381,-343,-358,-388,-402,-560,-552,-723,-517,-1063,-985,-6614,-5601,-12830,-6514,-12828,-5693,-12838,-12838,-12839,-12839,-12840,-12840,-12840,-12841,-12841,-12841,-12841,-12841]} 1. d4 Nf6 2. c4 e6 3. Nf3 d5 4. Nc3 dxc4 5. e4 b5 (5... Bb4 6. Bxc4 Nxe4 7. O-O Nf6 8. Qa4+ Nc6 9. Ne5 Bd6 10. Nxc6 bxc6 11. Qxc6+ Bd7 12. Qf3 O-O 13. Bg5 Rb8 {1-0 (45) Giri,A (2780)-Duda,J (2730) chess.com INT 2019}) 6. e5 {D24: Queen's Gambit Accepted: 3 Nf3 Nf6 4 Nc3} Nd5 7. Nxb5 Nb6 8. a4 {White is slightly better.} a6 9. Na3 $146 ({Predecessor:} 9. Nc3 a5 10. Be2 Nc6 11. Bg5 Qd7 12. O-O Bb7 13. Nb5 {0-1 (39) Werle,J (2540)-Kriebel,T (2531) Novy Bor 2019}) 9... Bxa3 10. Rxa3 a5 $1 11. Ng5 {aiming for Qh5.} h6 12. Ne4 {Threatening Qg4.} (12. Nxf7 $2 Kxf7 13. Rg3 Kg8 $17) 12... Bb7 (12... Nc6 $11) 13. Nc5 $16 Bd5 14. Qg4 (14. Be2 $16) 14... Rh7 (14... g6 $11 {remains equal.}) 15. Rh3 ({White should try} 15. Be2 $16) 15... N8d7 $11 16. Bg5 Qc8 (16... Qb8 $5 {[%cal Rd7c5]} 17. Bd2 Nxc5 18. dxc5 Nd7 $11) 17. b3 (17. Be2 $11) 17... Nxc5 (17... Qb8 $1 $15 {stays ahead.} 18. Bc1 Nxc5 19. dxc5 Nd7 {[%mdl 64] Double Attack} 20. bxc4 Qb4+ 21. Bd2 Qb1+ 22. Qd1 Qxd1+ 23. Kxd1 Bc6) 18. dxc5 $16 {[%cal Rb3c4]} Nd7 19. bxc4 Bc6 20. Be2 $1 Nxe5 21. Qg3 Ng6 22. Bd3 f5 23. Bxh6 ({Better is} 23. Bd2 $16 Kf7 24. O-O) 23... Kf7 $11 24. Bg5 Rxh3 25. Qxh3 Rb8 {Strongly threatening ...Rb3.} 26. O-O $2 (26. Bc2 $1 $11 {and White is okay.}) 26... Rb3 $19 27. Rb1 {[#]} Rxb1+ (27... Ra3 $1 $17 28. Rd1 Be4) 28. Bxb1 $11 Qd7 {[%cal Rd7d1]} 29. Bd3 Be4 30. Be2 Qxa4 {Hoping for ...Qa1+.} 31. Qg3 $2 (31. Qc3 $11) 31... Qa1+ $19 32. Bf1 Ne5 {Threatens to win with ...Bd3!} 33. Qe3 {[#]} Bd3 $1 $40 {[%csl Gd3][%cal Ra1f1][%mdl 640] Black goes for the king.} 34. Qc1 Qxc1 35. Bxc1 {[#]} Bxf1 $1 36. Kxf1 Nxc4 {[%mdl 4096] Endgame And now ...a4 would win. KB-KN} 37. Ke2 Ne5 38. h3 (38. Bf4 $142 Kf6 39. h4) 38... c6 39. Ke3 Nd7 40. Kd4 e5+ 41. Kc4 Ke6 42. Bd2 a4 {[%cal Ba5a4,Ba4a3][%mdl 32]} 43. Bc3 a3 {Black is clearly winning.} 44. h4 g6 45. f3 (45. Kb4 $142 a2 46. f3) 45... f4 46. Ba1 a2 47. Bc3 Kf5 48. Kb3 Nxc5+ 49. Kxa2 e4 50. fxe4+ Nxe4 51. Be1 Nf6 52. Kb3 Ng4 53. Bd2 Ke4 54. Be1 Ne3 {Accuracy: White = 23%, Black = 71%.} 0-1

[Event "Charlotte Open 2020"]
[Site "Charlotte"]
[Date "2020.01.04"]
[Round "6.14"]
[White "Petesch, Gabriel"]
[Black "Ynojosa Aponte, Felix Jose"]
[Result "1-0"]
[WhiteElo "2302"]
[BlackElo "2403"]
[Annotator "RC"]
[PlyCount "109"]
[EventDate "2020.01.02"]
[EventType "swiss"]
[EventCountry "USA"]
[SourceTitle "playchess.com"]
[Source "ChessBase"]
[SourceQuality "1"]
[TimeControl "6000+30"]

1. d4 {[%emt 1:40:30]} Nf6 {[%emt 1:40:30]} 2. Nf3 {[%emt 0:00:30]} d5 {[%emt 0:00:30]} 3. c4 {[%emt 0:00:30]} e6 {[%emt 0:00:30]} 4. Nc3 {[%emt 0:00:30]} c6 {[%emt 0:00:30]} 5. e3 {[%emt 0:00:30]} Bd6 {[%emt 0:00:30]} 6. Qc2 {[%emt 0:00:30]} Nbd7 {[%emt 0:00:30]} 7. Be2 {[%emt 0:00:30]} dxc4 {[%emt 0:00:30]} 8. Bxc4 {[%emt 0:00:30]} b5 {[%emt 0:00:30]} 9. Be2 {[%emt 0:00:30]} Bb7 {[%emt 0:00:30]} 10. O-O {[%emt 0:00:30]} Rc8 {[%emt 0:00:30]} 11. e4 {[%emt 0:00:30]} e5 {[%emt 0:00:30]} 12. Bg5 {[%emt 0:00:30]} h6 {[%emt 0:00:30]} 13. Bh4 {[%emt 0:00:30]} a6 {[%emt 0:00:30]} 14. Rad1 {[%emt 0:00:30]} Qc7 {[%emt 0:00:30]} 15. dxe5 {[%emt 0:00:30]} Nxe5 {[%emt 0:00:30]} 16. Nd4 {[%emt 0:00:30]} Ng6 {[%emt 0:00:30]} 17. Bxf6 {[%emt 0:00:30]} gxf6 {[%emt 0:00:30]} 18. g3 {[%emt 0:00:30]} Ne7 {[%emt 0:00:30]} 19. Bh5 {[%emt 0:00:30]} O-O {[%emt 0:00:30]} 20. Qd2 {[%emt 0:00:30]} b4 {[%emt 0:00:30]} 21. Nce2 {[%emt 0:00:30]} Rcd8 {[%emt 0:00:30]} 22. Qxh6 {[%emt 0:00:30]} c5 {[%emt 0:00:30]} 23. Bxf7+ {[%emt 0:00:30]} Kxf7 {[%emt 0:00:30]} 24. Qh7+ {[%emt 0:00:30]} Ke8 {[%emt 0:00:30]} 25. Ne6 {[%emt 0:00:30]} Qc6 {[%emt 0:00:30]} 26. Nxf8 {[%emt 0:00:30]} Kxf8 {[%emt 0:00:30]} 27. Nf4 {[%emt 0:00:30]} Rc8 {[%emt 0:00:30]} 28. Ne6+ {[%emt 0:00:30]} Ke8 {[%emt 0:00:30]} 29. Rd2 {[%emt 0:00:30]} c4 {[%emt 0:00:30]} 30. Rfd1 {[%emt 0:00:30]} Qxe4 {[%emt 0:00:30]} 31. Qxe4 {[%emt 0:00:30]} Bxe4 {[%emt 0:00:30]} 32. Rxd6 {[%emt 0:00:30]} Nf5 {[%emt 0:00:30]} 33. Ng7+ {[%emt 0:00:30]} Nxg7 {[%emt 0:00:30]} 34. Re1 {[%emt 0:00:30]} f5 {[%emt 0:00:30]} 35. f3 {[%emt 0:00:30]} c3 {[%emt 0:00:30]} 36. bxc3 {[%emt 0:00:30]} Ke7 {[%emt 0:00:30]} 37. Rdd1 {[%emt 0:00:30]} bxc3 {[%emt 0:00:30]} 38. fxe4 {[%emt 0:00:30]} f4 {[%emt 0:00:30]} 39. gxf4 {[%emt 0:00:30]} Ne6 {[%emt 0:00:30]} 40. f5 {[%emt 0:00:30]} c2 {[%emt 0:00:30]} 41. Rc1 {[%emt 0:00:30]} Nd4 {[%emt 0:00:30]} 42. Kf2 {[%emt 0:00:30]} Kf6 {[%emt 0:00:30]} 43. e5+ {[%emt 0:00:30]} Kxf5 {[%emt 0:00:30]} 44. e6 {[%emt 0:00:30]} Nxe6 {[%emt 0:00:30]} 45. Ke3 {[%emt 0:00:30]} Rc3+ {[%emt 0:00:30]} 46. Kd2 {[%emt 0:00:30]} Ra3 {[%emt 0:00:30]} 47. Rxc2 {[%emt 0:00:30]} Nd4 {[%emt 0:00:30]} 48. Rf1+ {[%emt 0:00:30]} Ke4 {[%emt 0:00:30]} 49. Rb2 {[%emt 0:00:30]} Rh3 {[%emt 0:00:30]} 50. Kc1 {[%emt 0:00:30]} Kd3 {[%emt 0:00:30]} 51. Kb1 {[%emt 0:00:30]} Nb5 {[%emt 0:00:30]} 52. Rc1 {[%emt 0:00:30]} Rh6 {[%emt 0:00:30]} 53. Rb3+ {[%emt 0:00:30]} Kd4 {[%emt 0:00:30]} 54. a4 Nd6 {[%emt 0:00:30]} 55. Rb6 {[%emt 0:01:00]} 1-0

[Event "Charlotte Open 2020"]
[Site "Charlotte"]
[Date "2020.01.04"]
[Round "6.15"]
[White "Paul, Justin"]
[Black "Sarkar, Justin"]
[Result "0-1"]
[WhiteElo "2270"]
[BlackElo "2385"]
[Annotator "TA"]
[PlyCount "88"]
[EventDate "2020.01.02"]
[EventType "swiss"]
[EventCountry "USA"]
[SourceTitle "playchess.com"]
[Source "ChessBase"]
[SourceQuality "1"]

{[%evp 14,87,0,14,27,21,33,0,0,-60,25,23,24,23,42,26,33,33,35,36,22,-5,8,0,8,1,15,26,19,10,15,10,14,22,8,12,17,0,23,0,0,0,0,0,0,0,0,-20,-18,-502,-497,-498,-487,-495,-489,-524,-523,-619,-619,-616,-596,-607,-604,-582,-552,-632,-631,-937,-895,-937,-920,-29996,-29997,-29998,-29999,-29999]} 1. e4 c5 2. Nf3 g6 3. d4 cxd4 4. Qxd4 Nf6 5. Nc3 Nc6 6. Qa4 d6 7. e5 dxe5 8. Nxe5 {White wants to play Bc4.} Bd7 {B27: Sicilian: 2 Nf3, unusual Black 2nd moves} 9. Nxd7 Nxd7 10. Qh4 $146 ({Predecessor:} 10. Bb5 Bg7 11. O-O O-O 12. Bxc6 Nb6 13. Qe4 bxc6 14. Rd1 Qc7 15. Bf4 Qb7 16. Be5 Bxe5 17. Qxe5 {½-½ (42) Vachier Lagrave,M (2745)-Giri,A (2734) Beijing 2013}) 10... Bg7 {The position is equal.} 11. Bh6 (11. Bd2 $11) 11... O-O (11... Bxc3+ $1 $15 12. bxc3 Qa5) 12. Bxg7 $11 Kxg7 13. O-O-O Qc8 14. Bb5 Nf6 15. Rhe1 a6 16. Bxc6 Qxc6 17. f3 Rfe8 18. Qd4 Rac8 19. Rd2 (19. Qe5 {looks sharper.} Qc5 20. f4 e6 21. Re2 Rc7 22. Qxf6+ Kxf6 23. Ne4+) 19... Rc7 20. Qe5 Kg8 21. h4 b5 22. a3 Rd7 23. Rxd7 Nxd7 24. Qd5 Qc7 25. Qg5 {Hoping for Nd5.} Nf6 26. h5 Nxh5 27. Nd5 {[%mdl 64] Double Attack} Qd7 28. Nxe7+ Kg7 {Strongly threatening ...f6.} 29. g4 h6 $40 {[%mdl 128] Black has some attack.} 30. Qe3 Nf6 31. Rh1 $2 {[%mdl 8192] [#]} (31. Qe5 $11 {and White stays safe.}) 31... g5 $1 $19 32. Re1 Kf8 33. Qc5 {Nf5+ is the strong threat.} Rxe7 34. Kb1 Qc7 35. Qb4 Nd5 36. Rxe7 Qxe7 37. Qd4 {[%cal Rd4h8]} Qe1+ 38. Ka2 Qe6 39. b3 Kg8 40. Qc5 Qe5 {( -> ...Nc3+)} 41. Qc8+ Kg7 {aiming for ...Nc3+.} 42. Qxa6 Nc3+ {Black mates.} 43. Kb2 {[#]} Na4+ $1 {[%mdl 64] Discovered Attack (Double check)} 44. Kc1 Qe1# {Accuracy: White = 29%, Black = 68%.} 0-1

[Event "Charlotte Open 2020"]
[Site "Charlotte"]
[Date "2020.01.04"]
[Round "6.16"]
[White "Mulyar, Michael"]
[Black "Venkat, Raghav"]
[Result "1-0"]
[WhiteElo "2380"]
[BlackElo "2141"]
[Annotator "ChessBase"]
[PlyCount "121"]
[EventDate "2020.01.02"]
[EventType "swiss"]
[EventCountry "USA"]
[SourceTitle "playchess.com"]
[Source "ChessBase"]
[SourceQuality "1"]
[TimeControl "6000+30"]

1. d4 {[%emt 1:40:30]} Nf6 {[%emt 1:40:30]} 2. Nf3 {[%emt 0:00:30]} d5 {[%emt 0:00:30]} 3. c4 {[%emt 0:00:30]} e6 {[%emt 0:00:30]} 4. Nc3 {[%emt 0:00:30]} Be7 {[%emt 0:00:30]} 5. Bg5 {[%emt 0:00:30]} O-O {[%emt 0:00:30]} 6. e3 {[%emt 0:00:30]} c6 {[%emt 0:00:30]} 7. Rc1 {[%emt 0:00:30]} Nbd7 {[%emt 0:00:30]} 8. Qc2 {[%emt 0:00:30]} h6 {[%emt 0:00:30]} 9. Bh4 {[%emt 0:00:30]} a6 {[%emt 0:00:30]} 10. c5 {[%emt 0:00:30]} e5 {[%emt 0:00:30]} 11. dxe5 {[%emt 0:00:30]} Ne8 {[%emt 0:00:30]} 12. Bg3 {[%emt 0:00:30]} Nxc5 {[%emt 0:00:30]} 13. Be2 {[%emt 0:00:30]} Nc7 {[%emt 0:00:30]} 14. O-O {[%emt 0:00:30]} Nb5 {[%emt 0:00:30]} 15. Rfd1 {[%emt 0:00:30]} Nxc3 {[%emt 0:00:30]} 16. bxc3 {[%emt 0:00:30]} Qa5 {[%emt 0:00:30]} 17. Nd2 {[%emt 0:00:30]} Be6 {[%emt 0:00:30]} 18. Nb3 {[%emt 0:00:30]} Nxb3 {[%emt 0:00:30]} 19. axb3 {[%emt 0:00:30]} Qb6 {[%emt 0:00:30]} 20. c4 {[%emt 0:00:30]} dxc4 {[%emt 0:00:30]} 21. Bxc4 {[%emt 0:00:30]} Bxc4 {[%emt 0:00:30]} 22. Qxc4 {[%emt 0:00:30]} Ba3 {[%emt 0:00:30]} 23. Ra1 {[%emt 0:00:30]} Qb4 {[%emt 0:00:30]} 24. Rd7 {[%emt 0:00:30]} Qxc4 {[%emt 0:00:30]} 25. bxc4 {[%emt 0:00:30]} Bb4 {[%emt 0:00:30]} 26. Rxb7 {[%emt 0:00:30]} c5 {[%emt 0:00:30]} 27. f4 {[%emt 0:00:30]} a5 {[%emt 0:00:30]} 28. Be1 {[%emt 0:00:30]} Rfb8 {[%emt 0:00:30]} 29. Rxb8+ {[%emt 0:00:30]} Rxb8 30. Bxb4 {[%emt 0:00:30]} axb4 {[%emt 0:01:00]} 31. Kf2 {[%emt 0:00:30]} b3 {[%emt 0:00:30]} 32. Ke2 {[%emt 0:00:30]} b2 {[%emt 0:00:30]} 33. Rb1 {[%emt 0:00:30]} Rb3 {[%emt 0:00:30]} 34. Kd2 {[%emt 0:00:30]} Kf8 {[%emt 0:00:30]} 35. g3 {[%emt 0:00:30]} Ke7 {[%emt 0:00:30]} 36. e4 {[%emt 0:00:30]} Ke6 {[%emt 0:00:30]} 37. Kc2 {[%emt 0:00:30]} Re3 {[%emt 0:00:30]} 38. Rxb2 {[%emt 0:00:30]} Rxe4 {[%emt 0:00:30]} 39. Kd3 {[%emt 0:00:30]} Rd4+ {[%emt 0:00:30]} 40. Kc3 {[%emt 0:00:30]} Rd1 {[%emt 0:00:30]} 41. Rb6+ {[%emt 0:00:30]} Kf5 {[%emt 0:00:30]} 42. Rb7 {[%emt 0:00:30]} Ke6 {[%emt 0:00:30]} 43. Rc7 {[%emt 0:00:30]} Rh1 44. Rxc5 {[%emt 0:00:30]} Rxh2 {[%emt 0:01:00]} 45. Rd5 {[%emt 0:00:30]} h5 {[%emt 0:00:30]} 46. Rd6+ {[%emt 0:00:30]} Ke7 {[%emt 0:00:30]} 47. c5 {[%emt 0:00:30]} h4 {[%emt 0:00:30]} 48. gxh4 {[%emt 0:00:30]} Rxh4 {[%emt 0:00:30]} 49. Rd4 {[%emt 0:00:30]} Rh1 {[%emt 0:00:30]} 50. Kc4 {[%emt 0:00:30]} Re1 {[%emt 0:00:30]} 51. c6 {[%emt 0:00:30]} g5 {[%emt 0:00:30]} 52. fxg5 {[%emt 0:00:30]} Rxe5 {[%emt 0:00:30]} 53. c7 {[%emt 0:00:30]} Re1 {[%emt 0:00:30]} 54. Kb5 {[%emt 0:00:30]} Rb1+ {[%emt 0:00:30]} 55. Kc6 {[%emt 0:00:30]} Rc1+ {[%emt 0:00:30]} 56. Kb7 {[%emt 0:00:30]} Rb1+ {[%emt 0:00:30]} 57. Kc8 {[%emt 0:00:30]} Rc1 {[%emt 0:00:30]} 58. Rb4 {[%emt 0:00:30]} Kd6 {[%emt 0:00:30]} 59. Rb6+ {[%emt 0:00:30]} Ke5 {[%emt 0:00:30]} 60. Kb8 {[%emt 0:00:30]} Kf4 {[%emt 0:00:30]} 61. Rb5 {[%emt 0:00:30]} 1-0